One Satellite Map, Many Countries #3 - Statistics

General Stats
  • This quiz has been taken 35 times
  • The average score is 8 of 8
Answer Stats
Countries % Correct
China
100%
India
100%
Laos
100%
Myanmar
100%
Bangladesh
97%
Bhutan
97%
Thailand
97%
Vietnam
93%
No matching quizzes found
Score Distribution
Percent of People with Each Score
Percentile by Number Answered
Your Score History
You have not taken this quiz